Statistics for NBA Players from Notre Dame

Click here to take the quiz!

General Stats

  • This quiz has been taken 25 times
    (7 since last reset)
  • The average score is 17 of 60

Answer Stats

PositionPlayerDraft Year% Correct
SFPat Connaughton2015
100%
PFBonzie Colson2018
83%
GDemetrius Jackson2016
83%
SGJerian Grant2015
83%
SFAdrian Dantley1976
67%
GBlake Wesley2022
67%
SGTracy Jackson1981
67%
GAustin Carr1971
50%
PFLaPhonso Ellis1992
50%
CBill Laimbeer1979
33%
PGDuck Williams1978
33%
PFJack Cooley2013
33%
SFJay Miller1965
33%
GJohn Paxson1983
33%
SFMatt Ryan2020
33%
SFMonty Williams1994
33%
FTom Hawkins1959
33%
FCTroy Murphy2001
33%
GBen Hansbrough2011
17%
SFBill Hanzlik1980
17%
GBilly Hassett1947
17%
GBob Arnzen1969
17%
GFBob FaughtN/A
17%
GBob RensbergerN/A
17%
PFBruce Flowers1979
17%
GChips Sobek1947
17%
GChris Quinn2006
17%
CDave Batton1978
17%
GDavid Rivers1988
17%
FDick Rosenthal1954
17%
PFDonald Royal1987
17%
PGElmer Bennett1992
17%
GFran Curran1948
17%
GGary Brokaw1974
17%
FGary Voce1988
17%
GJack Stephens1955
17%
CJoe Kleine1985
17%
FCJohn Shumate1974
17%
FCKeith Tower1992
17%
SFKelly Tripucka1981
17%
GKevin O'Shea1950
17%
SFLeo Barnhorst1950
17%
GLeo Klier1947
17%
FLuke Harangody2010
17%
CLuke Zeller2009
17%
GFMatt Carroll2003
17%
PFOrlando Woolridge1981
17%
FPat Garrity1998
17%
GPaul Gordon1949
17%
GRay Corley1949
17%
GRay Kuka1947
17%
FRob Kurz2008
17%
FRon Reed1965
17%
SGRon Rowan1986
17%
FRyan Humphrey2002
17%
FSid Catlett1971
17%
FCTim Kempton1986
17%
PFToby Knight1977
17%
GTom Sluby1984
17%
SFVince Boryla1949
17%

Score Distribution

Percentile by Number Answered

Percent of People with Each Score

Your Score History

You have not taken this quiz since the last reset